MARC

LEADER 00000nam0a2200000 4500
001 274390
005 20231101234725.0
020 |a RU  |b 83-84988 
035 |a (RuTPU)RU\TPU\book\297600 
090 |a 274390 
100 |a 20141105d1983 m y0rusy5003 ca 
101 0 |a rus 
102 |a RU 
105 |a y j 001zy 
200 1 |a Организационно-распорядительная документация: вопросы применения  |e учебное пособие  |f В. А. Архипов, И. П. Марков, А. Н. Сокова 
210 |a Москва  |c Изд-во стандартов  |d 1983 
215 |a 128 с. 
320 |a Библиогр.: с. 125-126 
606 1 |a Документоведение  |2 stltpush  |3 (RuTPU)RU\TPU\subj\9867  |9 37026 
610 1 |a документы 
610 1 |a делопроизводство 
610 1 |a обработка 
610 1 |a организационно-распорядительная документация 
610 1 |a применение 
610 1 |a учебные пособия 
675 |a 651.4/.9(075.9)  |z rus  |v 3 
700 1 |a Архипов  |b В. А.  |g Вячеслав Алексеевич  |4 070 
701 1 |a Марков  |b И. П.  |g Иван Павлович 
701 1 |a Сокова  |b А. Н.  |g Анжелика Николаевна 
801 0 |a RU  |b RuMRKP  |c 19950704  |g psbo 
801 1 |a RU  |b 63413507  |c 20141105 
801 2 |a RU  |b 63413507  |c 20170323  |g RCR 
942 |c BK